LEADER 00845nam a2200205 i 4500 001 000000255644 003 CaOOAMICUS 005 20171009000000.0 008 171009s1821 it u000 u ita u 013 $a234552 026 $azate s,et m.,o (aaj (7) 1821 (R) 040 $aSeMil$bita 245 10$aVol. 5. 300 $a503, [1] p. 490 0 $aBiblioteca storica di tutte le nazioni 773 0 $aGiannone, Pietro <1676-1748>$tIstoria civile del Regno di Napoli di Pietro Giannone. Volume 1. [-9.].$dMilano : Per Nicoḷ Bettoni, 1821-1822.$kBiblioteca storica di tutte le nazioni$g5$w()16604 830 0$aBiblioteca storica di tutte le nazioni.$0(OLS)http://semarc/title/41888 850 $aSeMil 852 $aSeMil$W1$xVenegono$y1$m3V II 68 FA$j205990$B205990$CSeMilBibl$Z2$F219400 $8I 996 $6245$aVol. 5$9(OLS)http://semarc/title/108696 LEADER 01362nam a2200265 4500 001 000000351354 003 CaOOAMICUS 005 20220825113632.0 008 220825s1688 it a 000 u lat r 026 $ee-i- e.bi u-on laex (3) 1688 (R) 040 $aSeMil$bita 100 11$aMeazza, Girolamo,$d<1639-1707>.$0(OLS)http://semarc/name/82300 245 10$aMagister novitiorum regularium a patre don Hieronymo Meazza clerico regulari in lucem editus. Opus magistris, novitijs, caeterisque regularibus ... utile. 264 1$aMediolani :$bEx Typographia Francisci Vigoni,$c1688. 300 $a[20], 183, [25] p. ;$c4° 500 $aIniziali, fregi xilogr. 500 $aSegn.: [a]? b? A-2C? 500 $aStemma papale di Innocenzo XI xilogr. sul front. 650 4$aCanonici regolari.$0(OLS)http://semarc/subject/5105 700 1 $aVigoni, Francesco,$c.$0(OLS)http://semarc/name/89351 850 $aSeMil 852 $aSeMil$W1$xVenegono$y1$m3Z VII 1 FA$j234030$B242419$CSeMilBibl$Z2$F242419 $8I 996 $6245$aMagister novitiorum regularium a patre don Hieronymo Meazza clerico regulari in lucem editus. Opus magistris, novitijs, caeterisque regularibus ... utile$9(OLS)http://semarc/title/441129 996 $6264$aMediolani :$bEx Typographia Francisci Vigoni$9(OLS)http://semarc/publisher/31431